Normal view
MARC view
Entry Topical Term
001 - CONTROL NUMBER
- control field: 28188
003 - CONTROL NUMBER IDENTIFIER
- control field: dpl
005 - DATE AND TIME OF LATEST TRANSACTION
- control field: 20110519141003.0
008 - FIXED-LENGTH DATA ELEMENTS
- fixed length control field: 110519|||a|||||| | ||| d
040 ## - CATALOGING SOURCE
- Original cataloging agency: dpl
- Transcribing agency: dpl
150 ## - HEADING--TOPICAL TERM
- Topical term or geographic name as entry element: हिन्दी व्यंग्य
670 ## - SOURCE DATA FOUND
- Source citation: Work cat.: (dpl)48146: मेरी श्रेष्ठ व्यंग्य रचना /, 2010
670 ## - SOURCE DATA FOUND
- Source citation: Work cat.: (dpl)48146: मेरी श्रेष्ठ व्यंग्य रचना /, 2010
